Kabale University Library Catalogue

Constructing democracy : (Record no. 6065)

MARC details
000 -LEADER
fixed length control field 01840cam a2200445 a 4500
001 - CONTROL NUMBER
control field 4927615
003 - CONTROL NUMBER IDENTIFIER
control field OSt
005 - DATE AND TIME OF LATEST TRANSACTION
control field 20260205142112.0
008 - FIXED-LENGTH DATA ELEMENTS--GENERAL INFORMATION
fixed length control field 951127s1996 cou b 001 0 eng
010 ## - LIBRARY OF CONGRESS CONTROL NUMBER
LC control number 95050932
020 ## - INTERNATIONAL STANDARD BOOK NUMBER
International Standard Book Number 0813324386
Qualifying information alk. paper
020 ## - INTERNATIONAL STANDARD BOOK NUMBER
International Standard Book Number 0813324394
Qualifying information alk. paper
020 ## - INTERNATIONAL STANDARD BOOK NUMBER
International Standard Book Number 9780813324388
Qualifying information (alk. paper)
020 ## - INTERNATIONAL STANDARD BOOK NUMBER
International Standard Book Number 9780813324395
Qualifying information (alk. paper)
035 ## - SYSTEM CONTROL NUMBER
System control number 4927615
040 ## - CATALOGING SOURCE
Original cataloging agency DLC
Transcribing agency KABLIB
Modifying agency KABLIB
043 ## - GEOGRAPHIC AREA CODE
Geographic area code cl-----
050 00 - LIBRARY OF CONGRESS CALL NUMBER
Classification number JC599.L3
Item number C66 1996
082 00 - DEWEY DECIMAL CLASSIFICATION NUMBER
Classification number 323.098
Edition number 23
Item number CON
245 00 - TITLE STATEMENT
Title Constructing democracy :
Remainder of title human rights, citizenship, and society in Latin America /
Statement of responsibility, etc. edited by Elizabeth Jelin and Eric Hershberg.
260 ## - PUBLICATION, DISTRIBUTION, ETC.
Place of publication, distribution, etc. Boulder, Colo. :
Name of publisher, distributor, etc. Westview Press,
Date of publication, distribution, etc. 1998.
300 ## - PHYSICAL DESCRIPTION
Extent x, 238 p. ;
Dimensions 24 cm.
336 ## - CONTENT TYPE
Content type term text
Content type code txt
Source rdacontent
337 ## - MEDIA TYPE
Media type term unmediated
Media type code n
Source rdamedia
338 ## - CARRIER TYPE
Carrier type term volume
Carrier type code nc
Source rdacarrier
500 ## - GENERAL NOTE
General note "Sponsored by the Joint Committee on Latin American Studies of the Social Science Research Council and the American Council of Learned Societies"--Half t.p. verso.
504 ## - BIBLIOGRAPHY, ETC. NOTE
Bibliography, etc. note Includes bibliographical references and index.
650 #0 - SUBJECT ADDED ENTRY--TOPICAL TERM
Topical term or geographic name entry element Human rights
Geographic subdivision Latin America.
9 (RLIN) 15373
650 #0 - SUBJECT ADDED ENTRY--TOPICAL TERM
Topical term or geographic name entry element Civil rights
Geographic subdivision Latin America.
9 (RLIN) 15374
650 #0 - SUBJECT ADDED ENTRY--TOPICAL TERM
Topical term or geographic name entry element Citizenship
Geographic subdivision Latin America.
9 (RLIN) 15375
650 #0 - SUBJECT ADDED ENTRY--TOPICAL TERM
Topical term or geographic name entry element Democracy
Geographic subdivision Latin America.
9 (RLIN) 15130
700 1# - ADDED ENTRY--PERSONAL NAME
Personal name Jelin, Elizabeth,
Dates associated with a name 1941-
9 (RLIN) 15376
700 1# - ADDED ENTRY--PERSONAL NAME
Personal name Hershberg, Eric.
9 (RLIN) 15377
710 2# - ADDED ENTRY--CORPORATE NAME
Corporate name or jurisdiction name as entry element Joint Committee on Latin American Studies.
9 (RLIN) 15378
856 42 - ELECTRONIC LOCATION AND ACCESS
Materials specified Publisher description
Uniform Resource Identifier <a href="http://www.loc.gov/catdir/enhancements/fy0833/95050932-d.html">http://www.loc.gov/catdir/enhancements/fy0833/95050932-d.html</a>
906 ## - LOCAL DATA ELEMENT F, LDF (RLIN)
a 7
b cbu
c orignew
d 1
e ocip
f 19
g y-gencatlg
942 ## - ADDED ENTRY ELEMENTS (KOHA)
Source of classification or shelving scheme Dewey Decimal Classification
Koha item type Book
Holdings
Withdrawn status Lost status Source of classification or shelving scheme Damaged status Not for loan Home library Current library Date acquired Total Checkouts Full call number Barcode Date last seen Price effective from Koha item type
    Dewey Decimal Classification     Mukombe Library Mukombe Library 05.02.2026   323.098 CON 14525 05.02.2026 05.02.2026 Book

Kabale University Library | Kabale University P.O Box 317, Kabale, Uganda
Tel : +256754017033, +256774661503 E-mail : library@kab.ac.ug